000
00309nam a2200133Ia 4500
999
_c
14197
_d
14197
008
260210s9999 xx 000 0 und d
020
_a
9781259853357
082
_a
363.7
100
_a
Easton
245
0
_a
Environmental Issues
250
_a
17th Ed
260
_b
McGraw-Hill Education
942
_c
BPLAN
_2
ddc